Normal view MARC view
  • Child Psychology

Entry Topical Term

Number of records used in: 1

001 - CONTROL NUMBER

  • control field: 88078

003 - CONTROL NUMBER IDENTIFIER

  • control field: OSt

005 - DATE AND TIME OF LATEST TRANSACTION

  • control field: 20220809075604.0

008 - FIXED-LENGTH DATA ELEMENTS

  • fixed length control field: 220809|| aca||aabn | a|a d

040 ## - CATALOGING SOURCE

  • Original cataloging agency: OSt
  • Transcribing agency: OSt

150 ## - HEADING--TOPICAL TERM

  • Topical term or geographic name entry element: Child Psychology

670 ## - SOURCE DATA FOUND

  • Source citation: Work cat.: (OSt)48490: Sekar, Ragini 88077, Child is the Future V 2, 2011